| 000 | 00588nam a2200157Ia 4500 | ||
|---|---|---|---|
| 005 | 20250508155925.0 | ||
| 008 | 008 250505s9999 xx 000 0 eng d | ||
| 037 | _aBooks to be hide in OPAC | ||
| 040 |
_aFEDL _beng _cFEDL |
||
| 041 |
_aeng _2eng |
||
| 084 |
_a370.96, AFR/O _qFEDL |
||
| 245 | 0 | _aAfrican education in Kenya: Report of a committee appointed to inquire into the scope, content, and methods of African eduction, its administration and finance, and to make recommendations | |
| 300 | _aviii,166p. | ||
| 942 |
_cHB _h370.96, AFR/O |
||
| 999 |
_c1360116 _d1360116 |
||